[Event "San Francisco TNM Summer op"]
[Site "San Francisco"]
[Date "2017.06.13"]
[Round "4"]
[White "Valente, Marty J"]
[Black "Eastham, Asher Dan"]
[Result "1-0"]
[WhiteElo "1334"]
[BlackElo "1582"]
[PlyCount "107"]
[EventDate "2017.05.23"]
[EventType "swiss"]
[EventRounds "8"]
[EventCountry "USA"]
[SourceTitle "EXT 2023"]
[Source "ChessBase"]
[SourceDate "2022.10.05"]
[SourceVersion "1"]
[SourceVersionDate "2022.10.05"]
[SourceQuality "1"]

1. e4 e5 2. Nf3 Nc6 3. d4 exd4 4. Nxd4 Bc5 5. Be3 Bb6 6. Nc3 d6 7. Qd2 Nf6 8. f3 0-0 9. 0-0-0 Nxd4 10. Bxd4 Be6 11. Kb1 c6 12. Bxf6 Qxf6 13. Qxd6 Rfd8 14. Qg3 Rxd1+ 15. Nxd1 Rd8 16. Bd3 Qd4 17. Qe1 Bc7 18. Qc3 Qd7 19. Ne3 f6 20. Bc4 Kh8 21. Bxe6 Qxe6 22. Ng4 Qd7 23. a3 b6 24. h4 c5 25. h5 Qd2 26. Qxd2 Rxd2 27. Rg1 Bf4 28. h6 Bxh6 29. Nxh6 gxh6 30. Kc1 Rd7 31. Rd1 Rxd1+ 32. Kxd1 Kg7 33. Ke2 Kg6 34. f4 Kf7 35. Kd3 b5 36. b4 cxb4 37. axb4 Ke6 38. Kd4 Kd6 39. e5+ fxe5+ 40. fxe5+ Ke6 41. Ke4 h5 42. g3 a6 43. c3 h6 44. Kf4 h4 45. gxh4 h5 46. Ke4 Ke7 47. Kf5 Kf7 48. e6+ Ke7 49. Ke5 Ke8 50. Kf6 Kf8 51. Kg6 Ke7 52. Kxh5 Kxe6 53. Kg6 Ke7 54. Kg7 1-0

[Event "San Francisco TNM Winter op"]
[Site "San Francisco"]
[Date "2017.02.21"]
[Round "8"]
[White "Valente, Marty J"]
[Black "Frank, Robert"]
[Result "1-0"]
[WhiteElo "1422"]
[BlackElo "1410"]
[PlyCount "73"]
[EventDate "2017.01.03"]
[EventType "swiss"]
[EventRounds "8"]
[EventCountry "USA"]
[SourceTitle "EXT 2018"]
[Source "ChessBase"]
[SourceDate "2017.10.13"]
[SourceVersion "1"]
[SourceVersionDate "2017.10.13"]
[SourceQuality "1"]

1. e4 e5 2. Nf3 Nf6 3. Nxe5 d6 4. Nf3 Nxe4 5. d4 d5 6. Bd3 Bd6 7. 0-0 0-0 8. Re1 Re8 9. Nbd2 Nxd2 10. Bxd2 Bg4 11. h3 Bh5 12. g4 Bg6 13. Bxg6 hxg6 14. Rxe8+ Qxe8 15. Qe1 Nd7 16. Qxe8+ Rxe8 17. Re1 Rxe1+ 18. Nxe1 f6 19. Nd3 g5 20. Kf1 Kf7 21. b3 c6 22. Ke2 Ke6 23. f4 gxf4 24. Bxf4 g5 25. Bd2 b6 26. Be1 a5 27. a4 c5 28. dxc5 Nxc5 29. Nxc5+ Bxc5 30. Kd3 Bd6 31. c3 Be5 32. Bf2 Bc7 33. c4 Kd6 34. Bg3+ Kc6 35. cxd5+ Kd7 36. Bxc7 Kxc7 37. Ke4 1-0

[Event "San Francisco TNM Fall op"]
[Site "San Francisco"]
[Date "2016.12.06"]
[Round "8"]
[White "Valente, Marty J"]
[Black "Stearman, Micah S"]
[Result "1-0"]
[WhiteElo "1168"]
[BlackElo "1330"]
[PlyCount "37"]
[EventDate "2016.10.18"]
[EventType "swiss"]
[EventRounds "9"]
[EventCountry "USA"]
[SourceTitle "EXT 2018"]
[Source "ChessBase"]
[SourceDate "2017.10.13"]
[SourceVersion "1"]
[SourceVersionDate "2017.10.13"]
[SourceQuality "1"]

1. e4 e5 2. Nf3 Nc6 3. d4 exd4 4. Nxd4 Bb4+ 5. c3 Bc5 6. Be3 Nf6 7. Nxc6 bxc6 8. Bxc5 Nxe4 9. Be3 0-0 10. Bd3 Nf6 11. 0-0 d5 12. Nd2 Qd6 13. Nf3 Ng4 14. Qd2 Re8 15. Bf4 Qf6 16. h3 Nh6 17. Bxh6 gxh6 18. Rae1 Rxe1 19. Rxe1 1-0

[Event "San Francisco Benson Memorial"]
[Site "San Francisco"]
[Date "2016.09.20"]
[Round "8"]
[White "Frank, Robert"]
[Black "Valente, Marty J"]
[Result "1-0"]
[WhiteElo "1293"]
[BlackElo "1168"]
[PlyCount "31"]
[EventDate "2016.08.02"]
[EventType "swiss"]
[EventRounds "9"]
[EventCountry "USA"]
[SourceTitle "EXT 2018"]
[Source "ChessBase"]
[SourceDate "2017.10.13"]
[SourceVersion "1"]
[SourceVersionDate "2017.10.13"]
[SourceQuality "1"]

1. d4 Nf6 2. Nf3 e6 3. e3 d5 4. Bd3 Nbd7 5. Nbd2 b6 6. e4 dxe4 7. Nxe4 Bb7 8. Nxf6+ Nxf6 9. 0-0 Be7 10. Re1 Bxf3 11. gxf3 Qxd4 12. Bb5+ Kf8 13. Qxd4 Rd8 14. Qa4 a5 15. Bf4 Nd5 16. Bg3 1-0

[Event "San Francisco Benson Memorial"]
[Site "San Francisco"]
[Date "2016.09.06"]
[Round "6"]
[White "Valente, Marty J"]
[Black "Boldi, Nicholas Armen"]
[Result "0-1"]
[WhiteElo "1168"]
[BlackElo "1160"]
[PlyCount "77"]
[EventDate "2016.08.02"]
[EventType "swiss"]
[EventRounds "9"]
[EventCountry "USA"]
[SourceTitle "EXT 2018"]
[Source "ChessBase"]
[SourceDate "2017.10.13"]
[SourceVersion "1"]
[SourceVersionDate "2017.10.13"]
[SourceQuality "1"]

1. e4 e6 2. d4 d5 3. exd5 exd5 4. Nf3 c5 5. Be3 Qb6 6. b3 Nc6 7. Nc3 Nf6 8. Bd3 Bg4 9. 0-0 cxd4 10. Na4 Qc7 11. Bd2 Be7 12. Be2 0-0 13. Nxd4 Nxd4 14. Bxg4 Qxc2 15. Bh3 Qxd1 16. Rfxd1 Ne6 17. Bc3 Rad8 18. Rd2 Ne4 19. Re2 b5 20. Bxg7 Kxg7 21. Nb2 d4 22. Rxe4 Rd6 23. Rae1 Rc8 24. Nd3 Rc3 25. g3 Rxd3 26. Bxe6 Rxe6 27. Rxe6 fxe6 28. Rxe6 Kf7 29. Re2 Rd1+ 30. Kg2 d3 31. Re3 d2 32. Rd3 Bb4 33. Rd4 Ba5 34. b4 Bb6 35. Rd3 a5 36. a3 axb4 37. axb4 Ke6 38. f4 Rg1+ 39. Kf3 0-1

[Event "San Francisco Benson Memorial"]
[Site "San Francisco"]
[Date "2016.08.30"]
[Round "5"]
[White "Nassif, Wassim J"]
[Black "Valente, Marty J"]
[Result "0-1"]
[WhiteElo "1177"]
[BlackElo "1168"]
[PlyCount "24"]
[EventDate "2016.08.02"]
[EventType "swiss"]
[EventRounds "9"]
[EventCountry "USA"]
[SourceTitle "EXT 2018"]
[Source "ChessBase"]
[SourceDate "2017.10.13"]
[SourceVersion "1"]
[SourceVersionDate "2017.10.13"]
[SourceQuality "1"]

1. e4 c5 2. Nf3 Nc6 3. Bc4 e6 4. 0-0 Nf6 5. Nc3 Be7 6. a3 0-0 7. d3 d5 8. Ba2 d4 9. Ne2 Bd6 10. c3 e5 11. Bc4 b6 12. Qb3 Nh5 0-1

[Event "San Francisco Benson Memorial"]
[Site "San Francisco"]
[Date "2016.08.23"]
[Round "4"]
[White "Baterdene, Jonathan"]
[Black "Valente, Marty J"]
[Result "1-0"]
[WhiteElo "1353"]
[BlackElo "1168"]
[PlyCount "93"]
[EventDate "2016.08.02"]
[EventType "swiss"]
[EventRounds "9"]
[EventCountry "USA"]
[SourceTitle "EXT 2018"]
[Source "ChessBase"]
[SourceDate "2017.10.13"]
[SourceVersion "1"]
[SourceVersionDate "2017.10.13"]
[SourceQuality "1"]

1. e4 c5 2. Nf3 d6 3. d4 cxd4 4. Nxd4 Nc6 5. Bb5 Bd7 6. Nf3 a6 7. Bc4 e6 8. Nc3 Nf6 9. Be3 Be7 10. 0-0 0-0 11. Bf4 b5 12. Bb3 b4 13. Na4 Nxe4 14. Re1 d5 15. c4 bxc3 16. Nxc3 Nxc3 17. bxc3 Na5 18. Bc2 Bb5 19. Ng5 Bxg5 20. Qh5 h6 21. Be5 Nc6 22. Bg3 Qf6 23. Qg4 g6 24. f4 h5 25. Qxg5 Qxg5 26. fxg5 Rac8 27. a4 Bc4 28. Rab1 Rb8 29. Bxb8 Nxb8 30. Bb3 Bd3 31. Rb2 a5 32. Rc1 Nd7 33. Rd2 Nc5 34. Bc2 Bc4 35. Bd1 Bb3 36. Re2 Bxa4 37. Bxa4 Nxa4 38. Ra2 Nb6 39. Rxa5 Nc4 40. Ra4 f5 41. gxf6 Rxf6 42. Ra8+ Kg7 43. h4 Rf8 44. Ra7+ Rf7 45. Ra6 Rf6 46. Rb1 Nd6 47. Rxd6 1-0